Southville International School and Colleges
Your cart is empty.
  • Cart
  • Lists
    Public lists Eva Luna New books Lux_list list_1
    Your lists Log in to create your own lists
  • Log in to your account
  • Your cookies
  • Search history
Southville International School and Colleges
  • Advanced search
  • Recent comments
  • Most popular
  • Libraries

Log in to your account

Log in with GOOGLE


If you do not have an external account, but do have a local account, you can still log in:

  1. Home
  2. MARC view: 'Philippines 2000' & human rights :
Normal view MARC view ISBD view

'Philippines 2000' & human rights : (Record no. 1639)

[ view plain ]
MARC details
000 -LEADER
fixed length control field 00998cam a2200325 a 4500
001 - CONTROL NUMBER
control field 3995662
003 - CONTROL NUMBER IDENTIFIER
control field OSt
005 - DATE AND TIME OF LATEST TRANSACTION
control field 20140310181713.0
008 - FIXED-LENGTH DATA ELEMENTS--GENERAL INFORMATION
fixed length control field 961025s1994 ph ab b 000 0 eng
010 ## - LIBRARY OF CONGRESS CONTROL NUMBER
LC control number 95947040
020 ## - INTERNATIONAL STANDARD BOOK NUMBER
International Standard Book Number 971889800X
040 ## - CATALOGING SOURCE
Original cataloging agency DLC
Transcribing agency DLC
Modifying agency DLC
042 ## - AUTHENTICATION CODE
Authentication code lcode
043 ## - GEOGRAPHIC AREA CODE
Geographic area code a-ph---
050 00 - LIBRARY OF CONGRESS CALL NUMBER
Classification number JC 599
Item number .P571 1994
245 00 - TITLE STATEMENT
Title 'Philippines 2000' & human rights :
Remainder of title a policy study paper /
Statement of responsibility, etc by Philippine Human Rights Information Center (PhilRights).
246 3# - VARYING FORM OF TITLE
Title proper/short title 'Philippines 2000' and human rights
260 ## - PUBLICATION, DISTRIBUTION, ETC. (IMPRINT)
Place of publication, distribution, etc Manila, Philippines :
Name of publisher, distributor, etc The Center,
Date of publication, distribution, etc [1994]
300 ## - PHYSICAL DESCRIPTION
Extent iv, 41 p. :
Other physical details ill.;
Dimensions 27 cm.
500 ## - GENERAL NOTE
General note "August 1994."
504 ## - BIBLIOGRAPHY, ETC. NOTE
Bibliography, etc Includes bibliographical references (p. 41).
526 ## - STUDY PROGRAM INFORMATION NOTE
Reading level 880L-960L
562 ## - COPY AND VERSION IDENTIFICATION NOTE
Number of copies 1
650 #0 - SUBJECT ADDED ENTRY--TOPICAL TERM
Topical term or geographic name as entry element Human rights
Geographic subdivision Philippines.
710 2# - ADDED ENTRY--CORPORATE NAME
Corporate name or jurisdiction name as entry element Philippine Human Rights Information Center.
906 ## - LOCAL DATA ELEMENT F, LDF (RLIN)
a 7
b cbc
c origode
d 3
e ncip
f 19
g y-gencatlg
942 ## - ADDED ENTRY ELEMENTS (KOHA)
Source of classification or shelving scheme Library of Congress Classification
Koha item type Books
Holdings
Withdrawn status Lost status Source of classification or shelving scheme Damaged status Home library Current library Shelving location Date acquired Total Checkouts Full call number Barcode Date last seen Copy number Price effective from Koha item type
    Library of Congress Classification   Luxembourg Library Luxembourg Library Filipiniana Section 06/26/2013   JC 599 .P571 1994 5626 08/13/2013 1 06/26/2013 Books

'Philippines 2000' & human rights :

APA

Philippine Human Rights Information Center, . (1994). 'Philippines 2000' & human rights. Manila, Philippines: The Center.

Chicago

Philippine Human Rights Information Center, . 1994. 'Philippines 2000' & human rights. Manila, Philippines: The Center.

Harvard

Philippine Human Rights Information Center, . (1994). 'Philippines 2000' & human rights. Manila, Philippines: The Center.

MLA

Philippine Human Rights Information Center, . 'Philippines 2000' & human rights. Manila, Philippines: The Center. 1994.

  • Place hold
  • Print
  • Cite
  • Add to your cart (remove)
  • Save record
    BIBTEX Dublin Core MARCXML MARC (non-Unicode/MARC-8) MARC (Unicode/UTF-8) MARC (Unicode/UTF-8, Standard) MODS (XML) RIS
  • More searches
    Search for this title in:
    Other Libraries (WorldCat) Other Databases (Google Scholar) Online Stores (Bookfinder.com) Open Library (openlibrary.org)

Exporting to Dublin Core...

SOUTHVILLE LIBRARY

Southville International School and Colleges Library

1281 Tropical Ave. Cor. Luxembourg St., BF Homes International, Las Pinas City

Tel. No. 8256374 / 252358 Loc. 117/146

Powered by Koha